000 00395nam a2200157Ia 4500
008 160316s1996 xxu||||| |||| 00| 0 eng d
082 _a340.100000
_bFLE
100 _aFletcher George P
245 _aBasic concepts of legal thought
250 _a
260 _aDelhi
_bUniversal Book Traders
_c1996
300 _a213
_b
_c
365 _b445/-
650 _a1.Law - Legal Thought
700 _a
_a
999 _c9300
_d9300